000 00839nam a2200121Ia 4500
008 220615s9999||||xx |||||||||||||| ||und||
245 0 _aLeveraging Data Science for Global Health
546 _aEnglish[eng]
650 _aHealth Informatics||Health Economics||Open Access||Big Data||Machine Learning||Artificial Intelligence||Digital Disease Surveillance||Health Mapping||Health Records for Non-Communicable Diseases||HealthMap||Tools for Clinical Trials||Medical equipment & techniques||Information technology: general issues||Health & safety aspects of IT||Health economics
700 _aCeli, Leo Anthony||Majumder, Maimuna S.||Ordóñez, Patricia||Osorio, Juan Sebastian||Paik, Kenneth E.||Somai, Melek
856 _uhttps://library.oapen.org/bitstream/20.500.12657/41290/1/2020_Book_LeveragingDataScienceForGlobal.pdf
942 _cEB
999 _c16466
_d16466